Моделирование конструкционных и динамических характеристик двухкомпонентного микромеханического гироскопа; Вестник науки Сибири; № 1 (7)

Detaylı Bibliyografya
Parent link:Вестник науки Сибири: электронный научный журнал/ Томский политехнический университет (ТПУ).— , 2011-.— 2226-0064
№ 1 (7).— 2013.— [С. 96-105]
Diğer Yazarlar: Барбин Е. С. Евгений Сергеевич, Баранов П. Ф. Павел Федорович, Коледа А. Н. Алексей Николаевич, Нестеренко Т. Г. Тамара Георгиевна, Пересветов М. В. Михаил Владимирович
Özet:Заглавие с титульного листа
Рассмотрена методика создания компьютерной модели микромеханического гироскопа (ММГ). Проведен анализ конструкции и имитационное моделирование динамических характеристик разработанной конструкции гироскопа. Сделан вывод о свойствах конструкции и о влиянии внешних возмущений на ММГ.
Dil:Rusça
Baskı/Yayın Bilgisi: 2013
Seri Bilgileri:Инженерные науки
Konular:
Online Erişim:http://earchive.tpu.ru/handle/11683/16362
Materyal Türü: MixedMaterials Elektronik Kitap Bölümü
KOHA link:https://koha.lib.tpu.ru/cgi-bin/koha/opac-detail.pl?biblionumber=504534

MARC

LEADER 00000naa2a2200000 4500
001 504534
005 20240222151823.0
035 |a (RuTPU)RU\TPU\prd\175351 
035 |a RU\TPU\prd\175307 
090 |a 504534 
100 |a 20130416d2013 k y0rusy50 ca 
101 0 |a rus 
102 |a RU 
135 |a drnn ---uucaa 
181 0 |a i  
182 0 |a b 
200 1 |a Моделирование конструкционных и динамических характеристик двухкомпонентного микромеханического гироскопа  |f Е. С. Барбин [и др.] 
203 |a Текст  |c электронный 
215 |a 1 файл (1.08 Мб) 
225 1 |a Инженерные науки 
300 |a Заглавие с титульного листа 
320 |a [Библиогр.: с. 105 (4 назв.)] 
330 |a Рассмотрена методика создания компьютерной модели микромеханического гироскопа (ММГ). Проведен анализ конструкции и имитационное моделирование динамических характеристик разработанной конструкции гироскопа. Сделан вывод о свойствах конструкции и о влиянии внешних возмущений на ММГ. 
337 |a Adobe Reader 
461 1 |0 (RuTPU)RU\TPU\prd\143680  |x 2226-0064  |t Вестник науки Сибири  |o электронный научный журнал  |f Томский политехнический университет (ТПУ)  |d 2011- 
463 1 |0 (RuTPU)RU\TPU\prd\174137  |t № 1 (7)  |v [С. 96-105]  |d 2013 
610 1 |a микромеханические системы 
610 1 |a микромеханические гироскопы 
610 1 |a гребенчатые виброприводы 
610 1 |a резонансная настройка 
610 1 |a информативные колебания 
610 1 |a конструкционные характеристики 
610 1 |a динамические характеристики 
610 1 |a моделирование 
610 1 |a труды учёных ТПУ 
610 1 |a электронный ресурс 
675 |a 531.7  |v 3 
701 1 |a Барбин  |b Е. С.  |c специалист в области точного приборостроения  |c инженер Томского политехнического университета  |f 1988-  |g Евгений Сергеевич  |3 (RuTPU)RU\TPU\pers\29889 
701 1 |a Баранов  |b П. Ф.  |c специалист в области контрольно-измерительной техники  |c доцент Томского политехнического университета, программист, кандидат технических наук  |f 1987-  |g Павел Федорович  |3 (RuTPU)RU\TPU\pers\30404  |9 14747 
701 1 |a Коледа  |b А. Н.  |c специалист в области приборостроения  |c инженер Томского политехнического университета  |f 1985-  |g Алексей Николаевич  |3 (RuTPU)RU\TPU\pers\31206  |9 15402 
701 1 |a Нестеренко  |b Т. Г.  |c специалист в области машиностроения  |c доцент Томского политехнического университета, кандидат технических наук  |f 1946-  |g Тамара Георгиевна  |3 (RuTPU)RU\TPU\pers\26585  |9 12268 
701 1 |a Пересветов  |b М. В.  |g Михаил Владимирович 
801 1 |a RU  |b 63413507  |c 20090623  |g PSBO 
801 2 |a RU  |b 63413507  |c 20180115  |g PSBO 
856 4 |u http://earchive.tpu.ru/handle/11683/16362 
942 |c BK